LEADER 02662nam 2200553 450 001 9910464417703321 005 20200520144314.0 010 $a0-309-29123-2 035 $a(CKB)3710000000103431 035 $a(EBL)3379296 035 $a(SSID)ssj0001213727 035 $a(PQKBManifestationID)11728398 035 $a(PQKBTitleCode)TC0001213727 035 $a(PQKBWorkID)11265773 035 $a(PQKB)10487621 035 $a(MiAaPQ)EBC3379296 035 $a(Au-PeEL)EBL3379296 035 $a(CaPaEBR)ebr10863955 035 $a(OCoLC)893439490 035 $a(EXLCZ)993710000000103431 100 $a20140507h20132013 uy| 0 101 0 $aeng 135 $aurcnu|||||||| 181 $ctxt 182 $cc 183 $acr 200 00$aAcute exposure guideline levels for selected airborne chemicals$hVolume 15 /$fCommittee on Acute Exposure Guideline Levels, Committee on Toxicology, Board on Environmental Studies and Toxicology, Division on Earth and Life Studies, National Research Council of the National Academies 210 1$aWashington, DC :$cThe National Academies Press,$d[2013] 210 4$dİ2013 215 $a1 online resource (295 p.) 300 $aDescription based upon print version of record. 311 $a0-309-29122-4 320 $aIncludes bibliographical references. 327 $a""Front Matter""; ""Preface""; ""Contents""; ""Acute Exposure Guideline Levels for Selected Airborne Chemicals, Volume 15""; ""National Research Council Committee Review of Acute Exposure Guideline Levels of Selected Airborne Chemicals""; ""Appendixes""; ""1 Ethyl Mercaptan Acute Exposure Guideline Levels""; ""2 Methyl Mercaptan Acute Exposure Guideline Levels""; ""3 Phenyl Mercaptan Acute Exposure Guideline Levels""; ""4 tert-Octyl Mercaptan Acute Exposure Guideline Levels""; ""5 Lewisite Acute Exposure Guideline Levels""; ""6 Methyl Isothiocyanate Acute Exposure Guideline Levels"" 327 $a""7 Selected Monoisocyanates Acute Exposure Guideline Levels"" 606 $aGases, Asphyxiating and poisonous$vCongresses 608 $aElectronic books. 615 0$aGases, Asphyxiating and poisonous 676 $a615.91 712 02$aNational Research Council (U.S.).$bCommittee on Acute Exposure Guideline Levels, 712 02$aNational Research Council (U.S.).$bBoard on Environmental Studies and Toxicology, 712 02$aNational Research Council (U.S.).$bCommittee on Toxicology, 801 0$bMiAaPQ 801 1$bMiAaPQ 801 2$bMiAaPQ 906 $aBOOK 912 $a9910464417703321 996 $aAcute exposure guideline levels for selected airborne chemicals$91914293 997 $aUNINA LEADER 01440nam 2200469 450 001 9910159509003321 005 20170924173948.0 010 $a1-68195-287-4 035 $a(CKB)3710000000740501 035 $a(EBL)4569123 035 $a(OCoLC)952932204 035 $a(MiAaPQ)EBC4569123 035 $a(MiAaPQ)EBC7152312 035 $a(Au-PeEL)EBL7152312 035 $a(EXLCZ)993710000000740501 100 $a20160714h20162016 uy 0 101 0 $aeng 135 $aur|n|---||||| 181 $2rdacontent 182 $2rdamedia 183 $2rdacarrier 200 12$aA book of questions /$fJane G. Meyer, Lucia Salemi 210 1$a[Irvine, California] :$cXist Publishing,$d2016. 210 4$dİ2016 215 $a1 online resource (15 p.) 225 1 $aPicture Book 300 $aDescription based upon print version of record. 311 08$aPrint version: Meyer, Jane G. Book of questions. [Irvine, California] : Xist Publishing, c2016 approximately 15 pages 9781681952864 327 $aPages:1 to 8; Pages:9 to 15 410 0$aPicture Book 606 $aChildren's questions and answers 615 0$aChildren's questions and answers. 676 $a031.02 700 $aMeyer$b Jane G.$01268122 702 $aSalemi$b Lucia 801 0$bMiAaPQ 801 1$bMiAaPQ 801 2$bMiAaPQ 906 $aBOOK 912 $a9910159509003321 996 $aA book of questions$92982756 997 $aUNINA